Badminton for schools
| Main Author: | |
|---|---|
| Format: | Book |
| Published: |
London :
Pelham ,
1978
|
| Subjects: |
MARC
| LEADER | 00000cam a2200000 7i4500 | ||
|---|---|---|---|
| 001 | 0000002335 | ||
| 005 | 20030121.0 | ||
| 020 | |a 0720710944 | ||
| 040 | |a INS | ||
| 090 | 0 | 0 | |a GV1007 |b D68 1978 |
| 100 | 1 | |a Downey, Jake | |
| 245 | 1 | 0 | |a Badminton for schools |c Jake Downey |
| 260 | |a London : |b Pelham , |c 1978 | ||
| 300 | |a 160p : |b ill ; |c 22 cm. | ||
| 650 | 0 | 0 | |a Badminton |x Study and teaching |
| 999 | |a 0000000003 |b BOOK |c Open Shelf |e Default branch | ||